Państwa oddalone od Egiptu o dwie granice - Statystyki

Ogólne statystyki
  • Ten quiz został rozwiązany 20 razy
  • Średni wynik to 10 z 11
Statystyki odpowiedzi
Odpowiedź % Poprawnych
Erytrea
100%
Jordania
100%
Liban
100%
Sudan Południowy
100%
Czad
92%
Etiopia
92%
Syria
92%
Algieria
85%
Niger
85%
Tunezja
77%
Republika Środkowoafrykańska
69%
Nie znaleziono quizów pasujących do podanych kryteriów
Rozkład punktacji
Procent ludzi z każdym wynikiem
Percentyl według liczby udzielonych odpowiedzi
Twoja historia wyników
Nie rozwiązałeś tego quizu